BSOP header

Research Methodology: Concepts and cases (Record no. 37211)

MARC details
000 -LEADER
fixed length control field 00327nam a22001337a 4500
020 ## - INTERNATIONAL STANDARD BOOK NUMBER
International Standard Book Number 9788125952053
082 ## - DEWEY DECIMAL CLASSIFICATION NUMBER
Classification number 001.42 CHA
100 ## - MAIN ENTRY--PERSONAL NAME
Personal name Chawala, Deepak
245 ## - TITLE STATEMENT
Title Research Methodology: Concepts and cases
260 ## - PUBLICATION, DISTRIBUTION, ETC. (IMPRINT)
Place of publication, distribution, etc New Delhi
Name of publisher, distributor, etc Vikas Publishing House
Date of publication, distribution, etc 2011
300 ## - PHYSICAL DESCRIPTION
Extent 670p;
700 ## - ADDED ENTRY--PERSONAL NAME
Personal name Sondhi Neena
942 ## - ADDED ENTRY ELEMENTS (KOHA)
Item type Books

No items available.

BSOP

Biblical Seminary of the Philippines
  All rights Reserved
  © 2024

CONTACT INFORMATION

Biblical Seminary of the Philippines,
  77-B Karuhatan Road, Valenzuela City,
  PHILIPPINES 1441
  Phone: +632 8292-6795 / 8292-6798
  Fax : +632 8292-6675
  Email: library@bsop.edu.ph